000 00565cas a22001694i 4500
999 _c50612
_d50612
001 768714001
003 CO-MdFUSB
005 20180316161131.0
008 180316s1999 cr ||||| |||| 00| 0 spa d
040 _aCO-MdFUSB
_bspa
_cCO-MdFUSB
_dCO-MdFUSB
041 _aspa
100 1 _aMartínez González, Carlos N.
_eautor
245 1 0 _aGuía confiable para caminar seguro
300 _aVolumen 4. Número 16 (1999), páginas 254-255
_c: 28 cm.
773 0 _tConquista Cristiana
_049446
_960289
_gVolumen 4. Número 16 (1999), páginas 254-255
_q página 254
942 _cANA